チェス: 食われないようにしよう #2 - Sudden Death - Statistics

General Stats
  • This quiz has been taken 218 times
  • The average score is 9 of 26
Answers on the Grid
Answers color-coded by a green-red scale on the quiz's grid according to % correct below.
 
Answer Stats
Answer % Correct
46%
42%
42%
39%
39%
36%
36%
35%
32%
32%
32%
32%
32%
32%
31%
31%
31%
31%
31%
31%
29%
29%
28%
28%
26%
26%
No matching quizzes found
Score Distribution
Percent of People with Each Score
Percentile by Number Answered
Your Score History
You have not taken this quiz